| Registos Bibliográficos associados ao registo de autoridade |
|
Etiqueta de registo: 00379nas 2200205 450 001 2061783 003 http://id.bnportugal.gov.pt/bib/catbnp/2061783 100 ## $a20201216b19131913m y0pory01030103ba 101 0# $apor 102 ## $aPT 106 ## $ae 110 ## $accazz 0uu0 200 1# $aEcos do Barreiro$esemanario republicano evoucionista$fdir., ed. e propr. Jeronimo Paiva$gsec. red. Horácio Alves 207 #0 $aA. 1, nº 1 (17 ag. 1913) - a. 1, nº 8 (2 nov. 1913) 210 #9 $aBarreiro$cJeronimo Paiva,$d1913 215 ## $d43 cm 326 ## $aSemanal 620 ## $dBarreiro 702 #1 $aPaiva,$bJerónimo de$4300$31498002 702 #1 $aAlves,$bHorácio,$f1891-1957$4340$3146011 801 #0 $aPT$bBN$gRPC 966 ## $lBN$mFGJOR$sJ. 3199//9 G. $x1 966 ## $lBN$mMICROF$sF.P. 18 $x7
Etiqueta de registo: 00656cam 2200229 450 001 470083 003 http://id.bnportugal.gov.pt/bib/catbnp/470083 005 19990101000000.0 095 ## $aPTBN00672651 100 ## $a19941119d1927 m y0pory0103 ba 101 0# $apor 102 ## $aPT 106 ## $ar 200 1# $aDois caluniados$eD. Fernando I e Leonor Teles$fHorácio ferreira Alves 210 #9 $aLisboa$cLiv. Clássica [deposit.],$d1927 215 ## $a239 p.$d20 cm 700 #1 $aAlves,$bHorácio,$f1891-1957$3146011 801 #0 $aPT$bBN$gRPC 966 ## $lBN$mFGMON$sH.G. 21815 P. 966 ## $lBN$mFGMON$sH.G. 22454 P.$x1 966 ## $lBN$mFGMON$sH.G. 28758 P. 966 ## $lBN$mFGMON$sL. 30910 P.
Etiqueta de registo: 00667cam 02200229 04500 001 202776 003 http://id.bnportugal.gov.pt/bib/catbnp/202776 100 ## $a19580701d1957 m y0pora01030103ba 101 1# $apor$cnor 102 ## $aPT 105 ## $ay z 000yy 106 ## $ar 200 1# $aVigdis a indomável$fSigrid Undset$gtrad. Horácio Ferreira Alves 210 #9 $aLisboa$cEstúdios Cor,$d1957 215 ## $a257 p., [2] f.$d20 cm 225 2# $aLatitude$v23 304 ## $aTít. orig.: Vigaljot og Vigdis 317 ## $aBiblioteca Jorge de Sena$5PTBN: J.S. 2279 675 ## $a821.113.5-31"19"$vBN$zpor$3607965 700 #1 $aUndset,$bSigrid,$f1882-1949$344362 702 #1 $aAlves,$bHorácio,$f1891-1957$4730$3146011 801 #0 $aPT$bBN$gRPC 966 ## $lBN$mFGMON$pBiblioteca Jorge de Sena$sJ.S. 2279$x3 966 ## $lBN$mFGMON$sL. 47943 P. 998 ## $aCR340 - 00207
Etiqueta de registo: 00625cam 2200205 450 001 433324 003 http://id.bnportugal.gov.pt/bib/catbnp/433324 005 20010212164800.0 095 ## $aPTBN00462521 100 ## $a19911109d1939 km y0pory0103 ba 101 0# $apor 102 ## $aPT 200 1# $a A vila do Barreiro$e ( ensaio para servir de subsídio à sua história)$fHorácio F. Alves 210 #9 $a[S.l.$cs.n.],$d1939$eBarreiro :$gTip. Comercial) 215 ## $a98 p. [2] p.$d23 cm 700 #1 $aAlves,$bHorácio,$f1891-1957$3146011 801 #0 $aPT$bBN$gRPC 966 ## $lBN$mFGMON$sH.G. 16042//23 V. 966 ## $lBN$mFGMON$sH.G. 16089//2 V. 966 ## $lBN$mFGMON$sH.G. 36599 V.$x0 998 ## $aCI357-43
Etiqueta de registo: 00717cam 022002291 04500 001 277035 003 http://id.bnportugal.gov.pt/bib/catbnp/277035 005 19981208182600.0 095 ## $aPTBN00288178 100 ## $a19610301d1961 m y0pora0103 ba 101 1# $apor$ceng 102 ## $aPT 200 1# $a O caso contra a sra. Ames$fArthur Somers Roche$gtrad. Horácio Alves 210 #9 $aLisboa$cSéculo,$d[D.L. 1961] 215 ## $a263, [1] p.$d17 cm 225 2# $a As grandes obras de mistério e acção 304 ## $aTít. orig.: The case against mrs. Ames 532 10 $a O caso contra a senhora Ames 675 ## $a820+820(73)$vmed$zpor$3288528 700 #1 $aRoche,$bArthur Somers$3446060 702 #1 $aAlves,$bHorácio,$f1891-1957$4730$3146011 801 #0 $aPT$bBN$gRPC 966 ## $lBN$mFGMON$sL. 51749 P.
Etiqueta de registo: 00648cam 2200205 450 001 134839 003 http://id.bnportugal.gov.pt/bib/catbnp/134839 005 20020308124500.0 095 ## $aPTBN00140501 100 ## $a19571201d1957 a y0pora0103 ba 101 1# $apor 102 ## $aPT 105 ## $aa z 000yy 106 ## $ar 200 1# $aAventuras de Robin dos Bosques$ftrad. H. Ferreira Alves$gdes. Álvaro Duarte de Almeida 210 #9 $aLisboa$cPortugal Editora,$d[1957?] 215 ## $a211, [4] p.$cil.$d20 cm 225 2# $aBiblioteca dos rapazes$v27 675 ## $a087.5$vBN$zpor$3287999 675 ## $a821.111(73)-93"19"$vBN$zpor$3556079 675 ## $a821.111(73)-311.3"19"$vBN$zpor$3389728 702 #1 $aAlves,$bHorácio,$f1891-1957$4730$3146011 702 #1 $aAlmeida,$bÁlvaro Duarte de,$f1909-1972$4440$31201 801 #0 $aPT$bBN$gRPC 966 ## $lBN$mFGMON$sP. 14529 P.$x6 966 ## $lBN$mFGMON$sP. 15421 P.
Etiqueta de registo: 00596cam 2200217 450 001 524934 003 http://id.bnportugal.gov.pt/bib/catbnp/524934 005 19990103000000.0 095 ## $aPTBN00727984 100 ## $a19950508d1927 m y0pory0103 ba 101 0# $apor 102 ## $aPT 200 1# $a A tormenta$fHoracio Alves 210 #9 $aLisboa$cLivr. Port. de Ferreira e Franco,$d1927 215 ## $a1 v.$d19 cm 700 #1 $aAlves,$bHorácio,$f1891-1957$3146011 801 #0 $aPT$bBN$gRPC 966 ## $lBN$mFGMON$sL. 15381//9 P. 966 ## $lBN$mFGMON$sL. 22451//8 P. 966 ## $lBN$mFGMON$sL. 22472//3 P. 966 ## $lBN$mFGMON$sL. 22473//1 P. 966 ## $lBN$mFGMON$sL. 37748//4 P.
Etiqueta de registo: 00379nas 2200205 450 001 2116025 003 http://id.bnportugal.gov.pt/bib/catbnp/2116025 100 ## $a20221120b19221922m y0pory01030103ba 101 0# $apor 102 ## $aPT 106 ## $ae 110 ## $acdazz 0uu0 200 1# $a O Mundo Corticeiro$eorgão quinzenal da Corporação Corticeira$fpropr. Empresa de "O Mundo Corticeiro"$gdir. Horacio Alves$ged. Alberto Tomé Vieira 207 #0 $aA. 1, nº 1 (20 ag. 1922) - a. 1, nº 6 (1 nov. 1922) 210 #9 $aBarreiro$cEmpresa de "O Mundo Corticeiro",$d1922 215 ## $d44 cm 326 ## $aQuinzenal 607 ## $aBarreiro (Portugal)$x[Periódicos]$2SIPOR$31816664 620 ## $dBarreiro 675 ## $a331.105(469)(054)$vBN$zpor$31535136 702 #1 $aAlves,$bHorácio,$f1891-1957$4300$3146011 702 #1 $aVieira,$bTomé,$f1900-?$4340$3124641 712 02 $aEmpresa de O Mundo Corticeiro$4650$31864460 801 #0 $aPT$bBN$gRPC 966 ## $lBN$mFGJOR$sJ. 3757//12 M. $x7 966 ## $lBN$mMICROF$sF.P. 53 $x7
Etiqueta de registo: 00254nam 2200025 450 001 2284089 003 http://id.bnportugal.gov.pt/bib/catbnp/2284089 021 ## $aPT$b548685/25 100 ## $a20260410d2025 m y0pory01030103ba 101 0# $apor 102 ## $aPT 105 ## $aa z 000yy 106 ## $ar 200 1# $aDois caluniados (D. Fernando I e Leonor Teles)$fHorácio Ferreira Alves$gintrodução Luís Victório$gpref. Alcino Pedrosa 210 #9 $aBarreiro$cVultos da Nossa Terra,$d2025 215 ## $a239, [4] p.$d23 cm 532 12 $aDois caluniados (Dom Fernando I e Leonor Teles) 675 ## $a94(469)"13"(042)$vBN$zpor$31333868 675 ## $a821.134.3Lopes, Fernão.09$vBN$zpor$3339023 675 ## $a929Fernando I, Rei de Portugal$vBN$zpor$3913602 700 #1 $aAlves,$bHorácio,$f1891-1957$3146011 702 #1 $aVictório,$bLuís$4080$31995354 702 #1 $aPedrosa,$bAlcino,$f1959-$4080$3100313 801 #0 $aPT$bBN$gRPC 856 41 $uhttp://rnod.bnportugal.gov.pt/ImagesBN/winlibimg.aspx?skey=&doc=2284089&img=222254&save=true 900 ## $aBIBNAC$d20260519 966 ## $lBN$mFGMON$sH.G. 89167 V.$x1 971 ## $cabrito$d20260410 972 ## $e0$z0$d20260519$vlrevez 973 ## $ctrodrigues$d20260508
|
|
|